000 03494cam a22012134i 4500
003 PE-LiUPU
005 20250813185432.0
008 190816s2010 sp r 000 0 spa d
020 _a8483226618
020 _a9788483226612
035 _a(Sirsi) a252501
040 _aPE-LiUPU
_bspa
_cPE-LiUPU
_erda
049 _aPRUA
082 0 4 _a371.26
_bC32
_223
100 1 _aCastillo Arredondo, Santiago.
245 1 3 _aLa práctica de la evaluación educativa :
_bmateriales e instrumentos /
_cautores, Santiago Castillo Arredondo, Jesús Cabrerizo Diago.
264 1 _aMadrid :
_bPearson educación,
_c2010.
300 _axvi, 396 páginas ;
_c24 centímetros
336 _atext
_2rdacontent
337 _aunmediated
_2rdamedia
338 _avolume
_2rdacarrier
505 0 _aMateriales e instrumentos de aplicación general -- Materiales e instrumentos para la autoevaluación -- Materiales e instrumentos para educación infantil -- Materiales e instrumentos para educación primaria -- Materiales e instrumentos para educación segundaria -- Materiales e instrumentos para bachillerato -- Materiales e instrumentos para formación profesional -- Materiales e instrumentos para lengua -- Materiales e instrumentos para lengua -- Materiales e instrumentos para matemáticas -- Materiales e instrumentos para ciencias de la naturaleza -- Materiales e instrumentos para ciencias sociales -- Materiales e instrumentos para educación física -- Materiales e instrumentos para otras áreas o materias.
526 _aP202
526 _aP201
526 _aP163
526 _aP162
526 _aP161
526 _aP160
526 _aP148
526 _aP147
526 _aP146
526 _aP145
526 _aP144
526 _aP143
526 _aP142
526 _aP141
526 _aP140
526 _aP139
526 _aP138
526 _aP137
526 _aP136
526 _aP135
526 _aP134
526 _aP133
526 _aP129
526 _aP128
526 _aP127
526 _aP120
526 _aP119
526 _aP118
526 _aP116
526 _aP115
526 _aP114
526 _aP110
526 _aP109
526 _aP108
526 _aP104
526 _aP103
526 _aP102
526 _aP99
526 _aP98
526 _aP97
526 _aP96
526 _aP95
526 _aP93
526 _aP90
526 _aP89
526 _aP88
526 _aP83
526 _aP82
526 _aP62
526 _aP59
526 _aP58
526 _aP57
526 _aP51
526 _aP49
526 _aP48
526 _aP47
526 _aP29
526 _aP24
526 _aP20
526 _aP19
526 _aP17
526 _aP15
526 _aP14
526 _aP12
526 _aP10
526 _aP09
526 _aP08
526 _aP07
526 _aP06
526 _aP05
526 _aP04
526 _aP01
650 0 4 _aEducación
_xEvaluación.
650 0 4 _aRendimiento académico.
700 1 _aCabrerizo Diago, Jesús,
_eautor.
910 _abgr
_bksl
_cksl
_d20190816
942 _2ddc
_cBOOK
994 _aC0
_bPEPRU
596 _a1
999 _a371.26 C32
_wDEWEY
_c31730
_i80628
_f2021-11-8
_g3
_lCCODEBUL1
_mBUL
_p25.00
_r0
_sY
_tBOOK
_u2019-8-16
_xEDUCACION
_PP14
_0COMPRA
_o.STAFF. Colección Ciencias Humanas y Educación
_d31730
980 _81
_gALBERTO SANCHEZ Responsable de Automatización